000 00314nam a22001097a 4500
008 160429b xxu||||| |||| 00| 0 eng d
020 _a39205000822551
041 _aeng
080 _a618.2
245 _aPharmacology in nursing:
_cAnne Burgess Hahn; Robert L. Barkin; Sandy Jeanne Klarman Oestreich;
942 _2udc
_cBK
999 _c1679
_d1679